000 00768nam a2200205 i 4500
001 167931
003 ES-MaACL
005 20230906213627.0
008 960320s1880 sp g |||| |bspa d
040 _aCARM
_bspa
_cCCPB | SIC
100 1 _aWilder, Victor.
_9133932
245 1 0 _aBeethoven
_b: sus dias de gloria y sufrimiento /
_cVictor Wilder ; traducidos por Manuel Marañon y Leon Medina.
260 _aMadrid :
_bCasa Editorial de Medina,
_c1880.
300 _a175, 7 p. :
_bmúsica ;
_c18 cm.
505 8 _aLas 7 p. contienen música impresa
600 1 4 _aBeethoven, Ludwig van-
_xBiografías.
_927031
700 1 _aMarañón, Manuel.
_976316
700 1 _aMedina, León.
_979703
852 _aES-MaACL
_jT-598-F-3
_z- Enc. hol.
_z- Enc. en un vol. facticio
999 _c167931
_d167931